Statistiques concernant Culture Générale - Série 502

Cliquez ici pour prendre le quiz!

Statistiques générales

  • Ce quiz a été pris 127 fois
  • Le résultat moyen est 8 sur 10

Statistiques - réponses

QuestionRéponse% Correct
Combien y a-t-il d'hectolitres dans un mètre cube ?10
95%
En Espagne, quel mot emploie-t-on généralement pour dire "merci" ?Gracias
94%
Dans la chanson "Vive le vent", à qui souhaite-t-on bonne année ?Grand-mère
89%
Dans la mythologie grecque, quelles femmes guerrières se coupaient le sein droit pour pouvoir tirer à l'arc ?Amazones
86%
Dans la mythologie égyptienne, quelle déesse est la soeur et la femme d'Osiris ?Isis
84%
A quel poste Steve Mandanda joue-t-il en équipe de France de football ?Gardien de but
83%
Qu'y a-t-il en plus du ciel et du soleil dans le titre d'une chanson de François Deguelt en 1965 ?La mer
68%
Quel explorateur, disparu en 1995, était prénommé Paul-Emile ?Victor
66%
De quel ours héros de dessin animé Coco Lapin est-il l'ami ?Winnie l'Ourson
56%
Dans la série "Friends", qui parmi les six amis travaille chez un grand styliste ?Rachel
54%

Distribution des résultats

Percentile par nombre de réponses

% des personnes avec chaque résultat

Votre développement - résultats

Vous n’avez pas pris ce quiz